00622nam a22002057a 450000500170000000800410001704000070005804100120006508200250007710000170010224500620011926000620018130000280024365000350027165000170030665000330032365000220035665000190037870000190039720220622115319.0220622b ||||| |||| 00| 0 eng d cAL aEnglish 223a951.119541bLECD aScott Leckie aDestruction by Design: Housing Rights Violations in Tibet aNetherlandsbCentre On Housing Rights and Evictionsc1994 a199 p.bPBc26.5x21 cm. aChina--Tibet Autonomous Region aCivil rights aHousing--Law and legislation aInternational law aHousing policy aLECKIE (Scott)